LEADER 01036nam0 2200325 450 001 000001822 005 20090512113430.0 010 $a0-08-026280-5 100 $a20000928d1982----km-y0itay50------ba 101 0 $aeng 102 $aGB 200 1 $aDescriptive physical oceanography$ean introduction$fby George L. Pickard and William J. Emery 205 $a4th enlarged edition 210 $aOxford [etc.]$cPergamon press$d1982 215 $aXIV,249 p.$cill.$d25 cm 451 0$1001000022485 451 0$1001000025675 451 0$1001000025683 500 10$aDescriptive physical oceanography$945598 610 1 $aOceanografia 676 $a551.46 700 1$aPickard,$bGeorge L.$0602907 701 1$aEmery,$bWilliam J.$0602908 801 0$aIT$bUNIPARTHENOPE$gRICA$2UNIMARC 912 $a000001822 951 $cPIST$aP1 551-D/1$b28925$d20001006 951 $cPIST$aP1 551-D/2$b29036$d20001006 951 $aDISAM 551.46/48$bM 1946$cDISAM$d2009 996 $aDescriptive physical oceanography$945598 997 $aUNIPARTHENOPE LEADER 00926nam0 2200301 450 001 000028746 005 20120320173410.0 010 $a88-464-3318-1 100 $a20120313d2011----km-y0itay50------ba 101 0 $aita 102 $aIT 105 $ay-------001yy 200 1 $a<>manuale delle procedure aziendali$e65 procedure - 72 job description$fLuigi Lombardi 205 $a5. ed. 210 $aMilano$cFranco Angeli$dC2011 215 $a431 p.$d23 cm 225 2 $aAzienda moderna 410 0$12001$aAzienda moderna 451 0$1001000006210 500 10$a<>manuale delle procedure aziendali...$941157 610 1 $aAziende$aAmministrazione 676 $a658.1$v22 700 1$aLombardi,$bLuigi$02875 801 0$aIT$bUNIPARTHENOPE$c20120313$gRICA$2UNIMARC 912 $a000028746 951 $a658-M/64$b43632$cNAVA1$d2012 996 $aManuale delle procedure aziendali..$941157 997 $aUNIPARTHENOPE